| 000 | 00913nas a2200301 4500 | ||
|---|---|---|---|
| 001 | BR2012002209 | ||
| 003 | BR-BrBNA | ||
| 005 | 20231205120356.0 | ||
| 007 | ta | ||
| 008 | 230509b bl.|||p| |||| 00| 00por d | ||
| 040 |
_aBR-BrBNA _bpor _cBiblioteca Nacional de Agricultura |
||
| 041 | _a(En) | ||
| 072 | _aF03 | ||
| 100 | 1 | _aCarvalho, M.L.M. de | |
| 100 | 1 | _aAlves, R.A. | |
| 100 | 1 | _aOliveira, L.M. de | |
| 245 | 1 | _aRadiographic analysis in castor bean seeds (Ricinus communis L.) | |
| 246 | 1 | _aRadiographic analysis in castor bean seeds (Ricinus communis L.) | |
| 650 | _aMAMONA | ||
| 650 | _aRICINUS COMMUNIS | ||
| 650 | _aSEMENTE | ||
| 650 | _aQUALIDADE | ||
| 650 | _aRAIO X | ||
| 650 | _aANÁLISE | ||
| 773 | 0 |
_tRevista Brasileira de Sementes (Brazil) _xISSN 0101-3122 _g(Mar 2010), v. 32(1) p. 170-175 _wBR2012002209 |
|
| 909 |
_a202311 _bLúcia _c55 _dLúcia Elande |
||
| 942 |
_2AGRIS _n0 _cANA |
||
| 999 |
_c218196 _d218196 |
||